000 00515nam a22001577a 4500
008 150427b xxu||||| |||| 00| 0 eng d
020 _a9781591024248
050 _aQC6.S8119 2006
100 _aStenger, Victor J.
_917556
245 _aThe Comprehensible cosmos
_bwhere do the laws of physics come from?
_c/by Victor J. Stenger
260 _aNew York
_bPrometheus books
_c2006
300 _a340p. ;
_c24cm.
650 _aPhysics
_xPhilosophy
_917557
650 _aPhysical law
_917558
942 _2lcc
_cMONOGRAPH
999 _c122769
_d122769